00297nam a2200121Ia 4500008004100000041000800041082001700049100001800066245001800084260003500102300003100137365000700168240624s9999 xx 000 0 und d aeng a330.9154 DAS aDAS GURCHARAN aINDIA UNBOUND c2002aNew DelhibPenguin Books axix, : 412 : p. : cm. ; 22 cRS